| 000 | 00793cab a2200253 4500 | ||
|---|---|---|---|
| 001 | ABS56806 | ||
| 008 | 090401t1997 xxu||||| |||| 00| 0 eng d | ||
| 035 | _a(Sirsi) u77886 | ||
| 041 | _aeng | ||
| 245 | _aTender price forecast | ||
| 260 | _c1997 | ||
| 350 | _a0 | ||
| 490 |
_aBuilding Procurement _vApril 1997, 22-24(3) |
||
| 520 | _aAnalysis of tenders received in 1Q 1997. Davis Langdon Everest forecasts what could happen to tender prices as workload increases. | ||
| 650 | _aBUILT ENVIRONMENT-BUILDING COSTS | ||
| 650 | _aDAVIS LANGDON EVEREST | ||
| 650 | _aELECTRICAL COST INDEX | ||
| 650 | _aFORECASTS | ||
| 650 | _aMECHANICAL COST INDEX | ||
| 650 | _aBCIS ALL-IN TENDER PRICE INDEX | ||
| 690 | _aBUILT ENVIRONMENT-BUILDING COSTS | ||
| 942 | _n0 | ||
| 948 | _c23/04/1997 | ||
| 999 |
_c48972 _d48972 |
||